[Event "Honefoss CC-ch"]
[Site "Honefoss"]
[Date "2017.03.14"]
[Round "6"]
[White "Ostebo, Roger E"]
[Black "Gundersen, Arvid"]
[Result "1-0"]
[WhiteElo "1770"]
[BlackElo "1381"]
[PlyCount "97"]
[EventDate "2017.01.10"]
[EventType "swiss"]
[EventRounds "9"]
[EventCountry "NOR"]
[SourceTitle "EXT 2024"]
[Source "ChessBase"]
[SourceDate "2023.10.10"]
[SourceVersion "1"]
[SourceVersionDate "2023.10.10"]
[SourceQuality "1"]

1. d4 d5 2. c4 e6 3. Nc3 Nf6 4. cxd5 exd5 5. Bf4 c6 6. e3 Bf5 7. Bd3 Bxd3 8. Qxd3 Nbd7 9. Nf3 Bb4 10. 0-0 0-0 11. a3 Be7 12. Rfe1 Nh5 13. Bg3 Nxg3 14. hxg3 Nf6 15. e4 dxe4 16. Nxe4 Nxe4 17. Rxe4 Bf6 18. Rae1 Qb6 19. Qe2 h6 20. Ne5 Rad8 21. Qc4 Rd5 22. b4 Rfd8 23. Rf4 Bxe5 24. Rxe5 Qc7 25. Re3 b5 26. Qe2 R5d7 27. Ree4 Kf8 28. Qc2 Kg8 29. Re5 Rd5 30. Rfe4 Rxe5 31. Rxe5 Qd6 32. Qe4 Qd7 33. g4 g6 34. g5 h5 35. Rc5 Qxd4 36. Qxc6 Qa1+ 37. Kh2 Qxa3 38. Qf6 Qd3 39. Rxb5 Qd6+ 40. Qxd6 Rxd6 41. Rb8+ Kg7 42. Rb7 Rb6 43. Rxb6 axb6 44. Kg3 f5 45. Kf4 Kf7 46. Ke5 Ke7 47. f4 h4 48. b5 Kf7 49. Kd6 1-0

[Event "Ringerikshallen CC-ch"]
[Site "Ringerikshallen"]
[Date "2015.05.05"]
[Round "9"]
[White "Ostebo, Roger E"]
[Black "Norbakken, Eirik"]
[Result "1-0"]
[WhiteElo "1775"]
[BlackElo "1144"]
[PlyCount "77"]
[EventDate "2015.01.13"]
[EventType "swiss"]
[EventRounds "9"]
[EventCountry "NOR"]
[SourceTitle "EXT 2024"]
[Source "ChessBase"]
[SourceDate "2023.10.10"]
[SourceVersion "1"]
[SourceVersionDate "2023.10.10"]
[SourceQuality "1"]

1. d4 Nf6 2. c4 e6 3. Nc3 Bb4 4. f3 c5 5. a3 Bxc3+ 6. bxc3 0-0 7. e4 d6 8. Bd3 e5 9. Ne2 Qa5 10. Bd2 h6 11. 0-0 Nc6 12. Qe1 Ne7 13. f4 cxd4 14. cxd4 Qd8 15. fxe5 dxe5 16. d5 Ng6 17. Ng3 b6 18. h3 Ba6 19. Qf2 Rc8 20. Rac1 Nd7 21. Be2 Nc5 22. Be3 Qh4 23. Qf3 Nf4 24. Bxf4 Qxf4 25. Nf5 Qxf3 26. gxf3 Kh8 27. Kf2 Kh7 28. Ke3 g6 29. Ne7 Rcd8 30. Nc6 Rd7 31. Nxe5 Rdd8 32. Nd3 Bb7 33. Nxc5 bxc5 34. f4 g5 35. fxg5 hxg5 36. Rf5 Kg6 37. Rcf1 f6 38. e5 fxe5 39. Rxf8 1-0

[Event "Ringerikshallen CC-ch"]
[Site "Ringerikshallen"]
[Date "2015.03.24"]
[Round "6"]
[White "Pedersen, Jarle"]
[Black "Ostebo, Roger E"]
[Result "0-1"]
[WhiteElo "1155"]
[BlackElo "1775"]
[PlyCount "82"]
[EventDate "2015.01.13"]
[EventType "swiss"]
[EventRounds "9"]
[EventCountry "NOR"]
[SourceTitle "EXT 2024"]
[Source "ChessBase"]
[SourceDate "2023.10.10"]
[SourceVersion "1"]
[SourceVersionDate "2023.10.10"]
[SourceQuality "1"]

1. e4 e5 2. Nf3 Nf6 3. d4 Nxe4 4. Bd3 d5 5. Nxe5 Nd7 6. Nxd7 Bxd7 7. 0-0 Bd6 8. c4 c6 9. cxd5 cxd5 10. Qh5 Nf6 11. Re1+ Be7 12. Qe2 Rc8 13. Bg5 Rc6 14. Nc3 Re6 15. Qc2 0-0 16. Bxf6 Bxf6 17. Nxd5 h6 18. Rxe6 Bxe6 19. Nxf6+ Qxf6 20. Be4 Rc8 21. Qa4 Qf4 22. Re1 Qxe4 23. Qb4 Qd5 24. b3 Rc2 25. Qa4 a6 26. h3 Rd2 27. Kf1 Rxd4 28. Qe8+ Kh7 29. Kg1 Rd1 30. Rxd1 Qxd1+ 31. Kh2 Qd6+ 32. Kg1 Bd5 33. Qe3 Qg6 34. Qg3 Qxg3 35. fxg3 Kg6 36. g4 Kf6 37. Kf2 a5 38. g3 a4 39. Ke3 axb3 40. axb3 Bxb3 41. Kd4 Be6 0-1

[Event "Ringerikshallen CC-ch"]
[Site "Ringerikshallen"]
[Date "2015.03.17"]
[Round "5"]
[White "Ostebo, Roger E"]
[Black "Berglund, Mikkel"]
[Result "1-0"]
[WhiteElo "1775"]
[BlackElo "937"]
[PlyCount "51"]
[EventDate "2015.01.13"]
[EventType "swiss"]
[EventRounds "9"]
[EventCountry "NOR"]
[SourceTitle "EXT 2024"]
[Source "ChessBase"]
[SourceDate "2023.10.10"]
[SourceVersion "1"]
[SourceVersionDate "2023.10.10"]
[SourceQuality "1"]

1. d4 d5 2. c4 e6 3. Nc3 Nf6 4. Bf4 Nc6 5. e3 Be7 6. Rc1 Bd6 7. Bg5 0-0 8. cxd5 exd5 9. Bxf6 Qxf6 10. Nxd5 Qf5 11. Nc3 Bb4 12. Bd3 Qd5 13. Nf3 Bxc3+ 14. Rxc3 Qxa2 15. 0-0 Qd5 16. Rc5 Qd6 17. Ng5 h6 18. Qh5 b6 19. Rxc6 Qxc6 20. Bh7+ Kh8 21. Be4 Qf6 22. Nh7 Qd6 23. Nxf8 Rb8 24. Qxf7 Ba6 25. Ne6 Rg8 26. Qg6 1-0

[Event "Honefoss CC-ch"]
[Site "Honefoss"]
[Date "2014.04.08"]
[Round "7"]
[White "Ostebo, Roger E"]
[Black "Myhrvold, Rune"]
[Result "0-1"]
[WhiteElo "1758"]
[BlackElo "2246"]
[PlyCount "46"]
[EventDate "2014.01.14"]
[EventType "swiss"]
[EventRounds "9"]
[EventCountry "NOR"]
[SourceTitle "EXT 2024"]
[Source "ChessBase"]
[SourceDate "2023.10.10"]
[SourceVersion "1"]
[SourceVersionDate "2023.10.10"]
[SourceQuality "1"]

1. d4 d5 2. Nf3 Nf6 3. c4 dxc4 4. e3 Bg4 5. Bxc4 e6 6. 0-0 a6 7. Bb3 Nc6 8. Nbd2 Bd6 9. Nc4 0-0 10. Re1 Ne4 11. h3 Bh5 12. g4 Bg6 13. Ncd2 Na5 14. Nxe4 Nxb3 15. axb3 Bxe4 16. Nd2 f5 17. f4 Bc6 18. g5 Bxf4 19. Nf3 Bxg5 20. Kh2 Qd5 21. Kg2 Bh4 22. e4 fxe4 23. Nxh4 e3+ 0-1

[Event "Honefoss CC-ch"]
[Site "Honefoss"]
[Date "2014.01.14"]
[Round "1"]
[White "Frydenlund, Arve"]
[Black "Ostebo, Roger E"]
[Result "0-1"]
[WhiteElo "1392"]
[BlackElo "1758"]
[PlyCount "144"]
[EventDate "2014.01.14"]
[EventType "swiss"]
[EventRounds "9"]
[EventCountry "NOR"]
[SourceTitle "EXT 2024"]
[Source "ChessBase"]
[SourceDate "2023.10.10"]
[SourceVersion "1"]
[SourceVersionDate "2023.10.10"]
[SourceQuality "1"]

1. Nf3 d5 2. d4 c6 3. e3 Nf6 4. Be2 e6 5. 0-0 Bd6 6. b3 0-0 7. Ba3 Bxa3 8. Nxa3 Qd6 9. Qc1 Nbd7 10. c4 Ne4 11. Qb2 f6 12. c5 Qe7 13. b4 f5 14. Nb1 Rf6 15. Nbd2 Nxd2 16. Qxd2 e5 17. dxe5 Nxe5 18. Nxe5 Qxe5 19. Qd4 Qe7 20. Bf3 Rh6 21. g3 Bd7 22. Bg2 Re8 23. a4 Rg6 24. Bf3 Re6 25. b5 Re5 26. Rfb1 Qf6 27. Rb4 Qd8 28. Rd1 Qa5 29. Rdb1 Qd8 30. Bg2 Qe7 31. Rd1 h6 32. Kf1 Qf7 33. Bf3 Qg6 34. Qh4 Qe6 35. Rdd4 g5 36. Qh5 Kg7 37. h3 Re7 38. Bg2 Be8 39. Qd1 Bd7 40. Kg1 Re8 41. Kh2 Qf7 42. bxc6 Bxc6 43. Kg1 Rc8 44. Qa1 Qf6 45. Qd1 Qe6 46. Kh2 Rc7 47. Kg1 Rd7 48. Kh2 Qe7 49. Qc2 Qf6 50. Kg1 Rde7 51. Qd1 Qe6 52. Kh2 Kg6 53. Kg1 Rf7 54. Bf3 Rf8 55. Bh5+ Kg7 56. Bf3 Qd7 57. Bg2 Rb8 58. Qa1 Kg6 59. Qd1 Rc8 60. Kh2 Rd8 61. Bf3 Qe7 62. Bh5+ Kg7 63. Bf3 Qxc5 64. Rb1 Qd6 65. Qc2 Kf6 66. Bg2 h5 67. Kg1 Re7 68. Qd1 Rh7 69. Qc2 Rc7 70. Qd1 Kg6 71. Qb3 b6 72. Qd1 Ba8 0-1

[Event "Ringerikshallen Autumn"]
[Site "Ringerikshallen"]
[Date "2013.08.27"]
[Round "1"]
[White "Matko, Miroslav"]
[Black "Ostebo, Roger E"]
[Result "0-1"]
[WhiteElo "1119"]
[BlackElo "1772"]
[PlyCount "54"]
[EventDate "2013.08.27"]
[EventType "swiss"]
[EventRounds "9"]
[EventCountry "NOR"]
[SourceTitle "EXT 2024"]
[Source "ChessBase"]
[SourceDate "2023.10.10"]
[SourceVersion "1"]
[SourceVersionDate "2023.10.10"]
[SourceQuality "1"]

1. c4 e5 2. e4 Nf6 3. Nc3 Bb4 4. Qc2 Nc6 5. Nge2 0-0 6. a3 Bc5 7. h3 Nd4 8. Nxd4 exd4 9. Na4 d6 10. d3 Re8 11. Be2 a5 12. Nxc5 dxc5 13. Bg5 Qd6 14. 0-0-0 h6 15. Bd2 a4 16. g4 b5 17. cxb5 Be6 18. Rdf1 Bb3 19. Qb1 c4 20. Bb4 c5 21. bxc6 Qxc6 22. dxc4 Nxe4 23. Bd3 Nxf2 24. Bh7+ Kh8 25. Rh2 Qxc4+ 26. Bc2 Qxf1+ 27. Kd2 Re2# 0-1

[Event "Honefoss CC-ch"]
[Site "Honefoss"]
[Date "2013.03.07"]
[Round "5"]
[White "Lien, Kjell Hakon"]
[Black "Ostebo, Roger E"]
[Result "1-0"]
[WhiteElo "1854"]
[BlackElo "1760"]
[PlyCount "83"]
[EventDate "2013.01.08"]
[EventType "swiss"]
[EventRounds "9"]
[EventCountry "NOR"]
[SourceTitle "EXT 2024"]
[Source "ChessBase"]
[SourceDate "2023.10.10"]
[SourceVersion "1"]
[SourceVersionDate "2023.10.10"]
[SourceQuality "1"]

1. e4 d5 2. exd5 Qxd5 3. Nc3 Qa5 4. d4 Nf6 5. Bc4 Bf5 6. Nf3 Nbd7 7. Bd2 c6 8. 0-0 Qc7 9. Qe2 Nb6 10. Bb3 e6 11. a4 Be7 12. a5 Nbd7 13. Ne5 Nxe5 14. dxe5 Ng4 15. Bf4 g5 16. Bg3 h5 17. f3 Bc5+ 18. Kh1 Ne3 19. Bf2 Nxf1 20. Bxc5 h4 21. Bd6 Ng3+ 22. hxg3 hxg3+ 23. Kg1 Qd8 24. Ne4 Bxe4 25. fxe4 Kd7 26. Qf3 Qg8 27. Rd1 Qh7 28. Kf1 Rag8 29. Ke2 Kc8 30. a6 Qh5 31. axb7+ Kxb7 32. Bc5 Qxf3+ 33. Kxf3 Rh4 34. Bc4 Rf4+ 35. Ke3 Kc7 36. Bd6+ Kb7 37. Rd3 Rg6 38. Rb3+ Kc8 39. Ba6+ Kd7 40. Rb7+ Ke8 41. Rb8+ Kd7 42. Bc8+ 1-0

[Event "Honefoss CC-ch"]
[Site "Honefoss"]
[Date "2013.02.19"]
[Round "4"]
[White "Ostebo, Roger E"]
[Black "Myhrvold, Rune"]
[Result "1/2-1/2"]
[WhiteElo "1760"]
[BlackElo "2147"]
[PlyCount "38"]
[EventDate "2013.01.08"]
[EventType "swiss"]
[EventRounds "9"]
[EventCountry "NOR"]
[SourceTitle "EXT 2024"]
[Source "ChessBase"]
[SourceDate "2023.10.10"]
[SourceVersion "1"]
[SourceVersionDate "2023.10.10"]
[SourceQuality "1"]

1. d4 d5 2. Nf3 Nf6 3. c4 dxc4 4. Nc3 a6 5. Bg5 b5 6. g3 Bb7 7. Bg2 h6 8. Bxf6 exf6 9. 0-0 Bd6 10. a3 0-0 11. Qc2 Nd7 12. Ng5 fxg5 13. Bxb7 Ra7 14. Bc6 Nb8 15. Bg2 c6 16. e4 Rd7 17. Bh3 Rb7 18. Rad1 Qa5 19. e5 Be7 1/2-1/2

[Event "Honefoss CC-ch"]
[Site "Honefoss"]
[Date "2013.01.22"]
[Round "2"]
[White "Ostebo, Roger E"]
[Black "Hansen, Karsten"]
[Result "1-0"]
[WhiteElo "1760"]
[BlackElo "1009"]
[PlyCount "33"]
[EventDate "2013.01.08"]
[EventType "swiss"]
[EventRounds "9"]
[EventCountry "NOR"]
[SourceTitle "EXT 2024"]
[Source "ChessBase"]
[SourceDate "2023.10.10"]
[SourceVersion "1"]
[SourceVersionDate "2023.10.10"]
[SourceQuality "1"]

1. d4 d5 2. c4 Nf6 3. Nc3 Be6 4. Nf3 Ne4 5. Qc2 Nxc3 6. bxc3 dxc4 7. e4 Bd7 8. Bxc4 e6 9. 0-0 a6 10. Re1 Bb5 11. Bb3 Be7 12. d5 Bd7 13. Bb2 0-0 14. Rad1 f6 15. dxe6 Bd6 16. e7+ Rf7 17. exd8Q+ 1-0

[Event "Honefoss CC-ch"]
[Site "Honefoss"]
[Date "2012.04.17"]
[Round "8"]
[White "Ostebo, Roger E"]
[Black "Kvamme, Roy"]
[Result "1-0"]
[WhiteElo "1707"]
[BlackElo "2028"]
[PlyCount "135"]
[EventDate "2012.01.10"]
[EventType "swiss"]
[EventRounds "9"]
[EventCountry "NOR"]
[SourceTitle "EXT 2024"]
[Source "ChessBase"]
[SourceDate "2023.10.10"]
[SourceVersion "1"]
[SourceVersionDate "2023.10.10"]
[SourceQuality "1"]

1. d4 Nf6 2. c4 c5 3. d5 e6 4. Nc3 exd5 5. cxd5 d6 6. Nf3 g6 7. Nd2 Nbd7 8. Nc4 Nb6 9. Bf4 Nxc4 10. Qa4+ Bd7 11. Qxc4 a6 12. Ne4 Bf5 13. Ng3 Bd7 14. Ne4 b5 15. Nxf6+ Qxf6 16. Qc1 Be7 17. g3 0-0 18. Bg2 Rfe8 19. 0-0 Bf8 20. e4 Rac8 21. Rd1 b4 22. Rb1 a5 23. Bg5 Qg7 24. Qf4 Qe5 25. Qh4 Qh8 26. Qf4 h6 27. Bf6 g5 28. Bxh8 gxf4 29. Bf6 fxg3 30. hxg3 Bg7 31. Bxg7 Kxg7 32. Re1 c4 33. Re3 Rc5 34. Rc1 a4 35. a3 Rb8 36. Bf1 c3 37. bxc3 bxa3 38. Ra1 Rb3 39. c4 Rxe3 40. fxe3 Kf6 41. Rxa3 Rc7 42. Kf2 Rb7 43. Ra2 Rb3 44. Be2 Ke5 45. Bd1 Rb4 46. Be2 Kxe4 47. Rd2 a3 48. Bd3+ Ke5 49. Ke1 Rb3 50. Rd1 Bg4 51. Rd2 a2 52. Rxa2 Rxd3 53. Kf2 f5 54. Rc2 Ke4 55. c5 dxc5 56. Rxc5 Rd2+ 57. Kf1 Kf3 58. Ke1 Kxg3 59. Kxd2 f4 60. exf4 Kxf4 61. d6 Be6 62. Rh5 Ke4 63. Kc3 Bd7 64. Kb4 Kd4 65. Ka5 Be8 66. Kb6 Bxh5 67. d7 Ke5 68. d8Q 1-0

[Event "Honefoss CC-ch"]
[Site "Honefoss"]
[Date "2012.01.18"]
[Round "2"]
[White "Gandrud, Vegar Koi"]
[Black "Ostebo, Roger E"]
[Result "1-0"]
[WhiteElo "2173"]
[BlackElo "1707"]
[PlyCount "81"]
[EventDate "2012.01.10"]
[EventType "swiss"]
[EventRounds "9"]
[EventCountry "NOR"]
[SourceTitle "EXT 2024"]
[Source "ChessBase"]
[SourceDate "2023.10.10"]
[SourceVersion "1"]
[SourceVersionDate "2023.10.10"]
[SourceQuality "1"]

1. d4 Nf6 2. c4 e5 3. dxe5 Ng4 4. Nf3 Nc6 5. e3 Ngxe5 6. Nxe5 Nxe5 7. Be2 Bb4+ 8. Nd2 b6 9. 0-0 Bb7 10. a3 Bd6 11. f4 Ng6 12. Bf3 Bxf3 13. Qxf3 0-0 14. Ne4 Be7 15. Ng3 Nh4 16. Qd5 c6 17. Qd3 Qc7 18. b3 Rad8 19. e4 d5 20. cxd5 cxd5 21. e5 Rc8 22. Rd1 Rfd8 23. Be3 Qb7 24. Bd4 Rc6 25. f5 Bg5 26. Ne2 Qc8 27. Rf1 g6 28. Qg3 h6 29. e6 Nxf5 30. Rxf5 gxf5 31. h4 f4 32. Nxf4 Rc1+ 33. Kh2 Rxa1 34. hxg5 h5 35. exf7+ Kxf7 36. g6+ Kg8 37. Bxa1 Qf5 38. Qh4 Rd6 39. Bd4 Qe4 40. Qf2 Rc6 41. Nxh5 1-0